OT 2025 Gala 2 - Estadísticas

Estadísticas generales
  • Esta prueba ha sido intentada 70 veces
  • La puntuación promedio es 8 de 9
Estadísticas de respuestas
Concursantes Cantante Real Canción % Correcto
Crespo & María Cruz Abraham Mateo & Chanel Clavaíto
96%
Claudia Arenas Antonio Vega El sitio de mi recreo
92%
Tinho & Guille Toledano Arde Bogotá La salvación
92%
Cristina & Téyou Trueno Dance Crip
90%
Iván Rojo Bon Jovi It's My Life
88%
Max & Guillo Rist & Carlos Fustel NSYNC Bye Bye Bye
82%
Grupal (Todos) Pet Shop Boys It's a Sin
80%
Judit & Lucía Casani Laura Pausini En cambio no
76%
Laura Muñoz & Salma de Diego & Olivia Gordon Lightfoot If You Could Read My Mind
67%
No se encontraron pruebas coincidentes
Distribución de puntuación
Porcentaje de gente con cada puntuación
Porcentaje por número respondido
Historial de tus puntuaciones
No has intentado esta prueba.